000 00598nam a2200193Ia 4500
003 GCL
008 140319s9999 xx 000 0 ara d
040 _aGCL /
_cGCL
082 0 4 _a940.18
_bر ص
100 1 _aالياس شاهين
245 1 0 _aالصليبيون فى الشرق /
_cالياس شاهين
700 1 _aزابوروف، ميخائيل
300 _a350 ص
490 _aالهيئة العامة للاستعلامات
_v0
650 0 4 _aالحروب الصليبية
650 0 4 _aالصليبيون
650 0 4 _aالعصور الوسطى - تاريخ
942 _2ddc
_cBK
999 _c47919
_d47919